01136nam a2200301 i 450000100060000000300090000600500170001500700030003200800410003502000180007608000100009408000110010408000150011510000400013024501570017025000120032726000640033930000350040349000460043850400330048465000340051765000320055170000360058383000540061985200220067399900170069595201220071213552ES-MaACL20230906150618.0t|980518s1997 sp ||||1| spa d a84-481-0997-X a001.5 a159.95 a316.32"19"1 aRodríguez Delgado, Rafael.99848910aDel Universo al ser humano : bhacia una concepción planetaria para el siglo XXI / cRafael Rodríguez Delgado ; prólogo de Felipe Gómez-Pallete. a1ª ed. aMadrid : bMcGraw-Hill, Interamericana de España, c1997. aXXI, 297 p. : bil. ; c21 cm.1 aMcGraw-Hill de divulgación científica aBibliografía : p. 284-289. aTeoría de sistemas.9172518 4aProcesos cognitivos.9164401 aGómez-Pallete, Felipe.9580951 aMcGraw-Hill de divulgación científica9179486 aES-MaACLjL-20900 c13552d13552 00104070aATENEOMbATENEOMcDEPO2d2008-01-17eSCl0oL-20900p1013796r2023-02-23 00:00:00w2023-02-23yMONOGRAFIA